Fundamentals of nursing : concepts, process, and practice / Barbara Kozier ... [et al.]. (Record no. 7697)

MARC details
000 -LEADER
fixed length control field 00483nam a22001457a 4500
008 - FIXED-LENGTH DATA ELEMENTS--GENERAL INFORMATION
fixed length control field 190306b ||||| |||| 00| 0 eng d
020 ## - INTERNATIONAL STANDARD BOOK NUMBER
International Standard Book Number 2003043868
082 ## - DEWEY DECIMAL CLASSIFICATION NUMBER
Classification number 610.73 21
100 ## - MAIN ENTRY--PERSONAL NAME
Personal name Kozier, Barbara.
245 ## - TITLE STATEMENT
Title Fundamentals of nursing : concepts, process, and practice / Barbara Kozier ... [et al.].
250 ## - EDITION STATEMENT
Edition statement 7th ed.
260 ## - PUBLICATION, DISTRIBUTION, ETC.
Place of publication, distribution, etc. Upper Saddle River, N.J. :
Name of publisher, distributor, etc. Prentice Hall Health,
Date of publication, distribution, etc. 2004.
300 ## - PHYSICAL DESCRIPTION
Extent xxxiii, 1516 p. :
Other physical details ill. (chiefly col.) ;
Dimensions 28 cm.
942 ## - Added entry Elements (Koha)
Source of classification or shelving scheme Dewey Decimal Classification
Holdings
Withdrawn status Lost status Source of classification or shelving scheme Damaged status Not for loan Collection code Home library Current library Shelving location Date acquired Serial Enumeration / chronology Total Checkouts Total Renewals Full call number Barcode Date last seen Date last checked out Price effective from Koha item type
    Dewey Decimal Classification     Main TEST RTC Library RTC Library Main opac 06/03/2019 8822 13 5 610.73 KOZ 30013130 27/08/2025 06/08/2025 06/03/2019 Main
Royal Thimphu College || All Right Reserved